000 00784nam a2200205 a 4500
003 0
005 20250621112017.0
008 030605s19uu xx 00 eng d
050 _aPGS LB 3013
_b.Sa237 1998
100 _aSantos, Gian Carlo I.
245 _aThe reflection of grade school teachers of Southville International School towards discipline in the classroom /
_cSantos, Gian Carlo I.
260 _aLas PiƱas City, Philippines :
_bSouthville International School and Colleges,
_c1998.
300 _a17 pages :
_billustrations ;
_c28 cm.
504 _aIncludes bibliographical references.
650 _aSchool discipline.
650 _aClassroom management.
650 _aBehavior modification.
650 _aElementary school teachers
_vAttitudes.
942 _2lcc
_cPASS
999 _c96180
_d96180